MARC

LEADER 00000nam0a2200000 4500
001 370531
005 20231102012305.0
035 |a (RuTPU)RU\TPU\retro\27940 
090 |a 370531 
100 |a 20220708d1978 km y0rusy50 ca 
101 0 |a rus 
102 |a MD 
105 |a a z 001zy 
200 1 |a Опыт защиты от коррозии  |f В. И. Филатов, Л. Н. Шистик 
210 |a Кишинев  |c Картя Молдовеняскэ  |d 1978 
215 |a 136 с.  |c ил. 
320 |a Библиогр.: с. 131-133 
606 1 |a Коррозия электрохимическая  |2 stltpush  |3 (RuTPU)RU\TPU\subj\15751  |9 41962 
606 1 |a Антикоррозийные работы  |2 stltpush  |3 (RuTPU)RU\TPU\subj\29214  |9 52598 
610 1 |a коррозионные процессы 
610 1 |a классификация 
610 1 |a корродирующие поверхности 
610 1 |a изучение 
610 1 |a приборы 
610 1 |a методы 
610 1 |a защита 
610 1 |a антикоррозионные покрытия 
675 |a 620.193  |v 4 
675 |a 620.197  |v 4 
700 1 |a Филатов  |b В. И.  |g Виталий Иванович 
701 1 |a Шистик  |b Л. Н.  |g Леонид Нехомиевич 
801 1 |a RU  |b 63413507  |c 20220708 
942 |c BK